| 000 | 00372nam a2200145Ia 4500 | ||
|---|---|---|---|
| 008 | 100204s9999 xx 000 0 und d | ||
| 082 | _b21384 | ||
| 100 | _aBLYTON ENID | ||
| 245 | _aFUN FOR THE SECRET SEVEN | ||
| 260 |
_b"KKNIGHT BOOKS, LONDON" _c1984 25 |
||
| 300 | _a96 | ||
| 630 | _aFUN FOR THE SECRET SEVEN | ||
| 730 | _aFUN FOR THE SECRET SEVEN | ||
| 942 | _cBOOK | ||
| 999 |
_c466207 _d466204 |
||